Tanzania's Borders Quiz Stats

 Plays Quiz Updated Feb 24, 2016

Score 0/8 Timer 01:30
5 Plays Today
Country % Correct
Kenya
95.4%
Rwanda
86.6%
Uganda
86%
Mozambique
84.4%
Democratic Republic of the Congo
79.2%
Zambia
78.4%
Burundi
75.9%
Malawi
74.2%

You're not logged in!

Compare scores with friends on all Sporcle quizzes.
OR
Log In

Sporcle TV

Today on Sporcle TV


Watch our educational content, quiz creation guides, and fun videos on Sporcle TV.

Show Comments

Extras

Top Quizzes Today


Score Distribution

Your Account Isn't Verified!

In order to create a playlist on Sporcle, you need to verify the email address you used during registration. Go to your Sporcle Settings to finish the process.

Report this User

Report this user for behavior that violates our Community Guidelines.

Details: